Normal view MARC view
  • Obregón, Álvaro,

Entry Nombre Personal

Number of records used in: 2

001 - NUMERO DE CONTROL

  • campo de control: 48950

003 - IDENTIFICADOR DE NUMERO DE CONTROL

  • campo de control: DLC

005 - FECHA Y HORA DE LA ÜLTIMA TRANSACCIÓN

  • campo de control: 20240415155558.0

008 - DATOS DE LONGITUD FIJA

  • campo de control de longitud fija: 810326n| azannaabn |a aaa

010 ## - NÚMERO DE CONTROL DE LA BIBLIOTECA DEL CONGRESO

  • Número de control LC: n 81018830

035 ## - NUMERO DE CONTROL

  • Número de control: (OCoLC)oca00564666

040 ## - FUENTE DE CATALOGACIÓN

  • Agencia original de catalogación: DLC
  • Lenguaje de catalogación: spa
  • Description conventions: rda
  • Agencia de transcripción: DLC
  • Agencia que lo modifica: DLC
  • Agencia que lo modifica: MdRoLAC
  • Agencia que lo modifica: MX-MxUPN

046 ## - FECHAS CON CODIFICACIÓN ESPECIAL

  • Fecha de nacimiento: 1880-02-19
  • Fecha de muerte: 1928-07-17
  • Fuente del formato de fecha: edtf

100 1# - ENCABEZAMIENTO - NOMBRE PERSONAL

  • Nombre personal: Obregón, Álvaro,
  • Fechas asociadas con el nombre: 1880-1928

370 ## - LUGAR ASOCIADO

  • Place of birth: Alamos (Sonora, México)
  • Place of death: Ciudad de México

374 ## - OCUPACIÓN

  • Occupation: Presidente

400 1# - VEÁSE - NOMBRE DE PERSONA

  • Personal name: Obregón Salido, Álvaro,
  • Dates associated with a name: 1880-1928

510 1# - MENCIÓN DE REFERENCIA “VÉASE ADEMÁS”- NOMBRE DE ENTIDAD CORPORTATIVA

  • Corporate name or jurisdiction name as entry element: México.
  • Subordinate unit: Presidente (1920-1924 : Obregón)

670 ## - FUENTE EN LA QUE SE LOCALIZARON DATOS

  • Cita de la fuente: LC database, May 3, 2008:
  • Información localizada: (hdg.: Obregón, Alvaro, President, Mexico, 1880-1928)

670 ## - FUENTE EN LA QUE SE LOCALIZARON DATOS

  • Cita de la fuente: Britannica academic, viewed on Nov. 23, 2016
  • Información localizada: (Álvaro Obregón; b. Feb. 19, 1880 in Alamos, Mexico; d. July 17, 1928 in Mexico City; elected president of Mexico in 1920; he was elected president of Mexico again in 1928, but killed before he assumed office)

670 ## - FUENTE EN LA QUE SE LOCALIZARON DATOS

  • Cita de la fuente: Alvaro Obregon Salido, 2019.

902 ## - CATALOGADOR

  • Catalogador: Víctor Ruiz/180523